=LDR 00000nam 2200000 4500 =001 INLIS000000000044788 =005 20131008110713 =008 ***********************************Ind** =035 ##$$0010-101300000002710 =041 ##$$a Ind =082 ##$$a 813 =090 ##$$a 813, sek =100 ##$$a Sekat, Dewie =245 ##$$a Alita A Heart, Dwie, Sekat =260 ##$$a 2011 $b Jakarta =300 ##$$a 448 Hlm., 20 Cm =650 ##$$a Fiksi =850 ##$$a NNT-CD